Score 0/20 Timer 02:00
5 Plays Today
One and... the other % Correct
Romeo andJuliet
98.7%
Peanut butter andJelly
98.4%
Jack andJill
98.2%
Tarzan andJane
93.5%
Ben andJerry
84.8%
and JohnsonJohnson
83.2%
and the Giant PeachJames
81.5%
Judge andJury
81.5%
and the ArgonautsJason
79.2%
Punch andJudy
78.5%
One and... the other % Correct
and the WhaleJonah
71.7%
Sharks andJets
64.8%
and MaryJoseph
58.2%
Frankie andJohnny
55.1%
and TieJacket
44.3%
and ElwoodJake
43.9%
and WoosterJeeves
43.8%
and WozniakJobs
42%
Clean andJerk
40.7%
Pride andJoy
33.1%

Today's Daily Dose

Remove Ads.
Support Sporcle.
Get the best of Sporcle when you Go Orange. This ad-free experience offers more features, more stats, and more fun while also helping to support Sporcle. Thank you for becoming a member.

You're not logged in!

Compare scores with friends on all Sporcle quizzes.
OR
Log In

Show Comments

Extras

Top Quizzes Today


Score Distribution

Your Account Isn't Verified!

In order to create a playlist on Sporcle, you need to verify the email address you used during registration. Go to your Sporcle Settings to finish the process.

Report this User

Report this user for behavior that violates our Community Guidelines.

Details: